[Event "AUTO-OPEN-1817"]
[Site "http://www.queenalice.com/game.php?id=705450"]
[Date "2009.12.29"]
[Round "1"]
[White "lfcanales"]
[Black "jfcarbonari"]
[Result "0-1"]
[WhiteElo "2026"]
[BlackElo "1969"]

1. e4 e5 2. Nf3 Nc6 3. Bb5 a6 4. Bc4 Nf6 5. d3 Be7 6. Nc3 O-O 7. O-O b5 8. Bb3
d6 9. h3 Be6 10. Nd5 Na5 11. c4 bxc4 12. Nxf6+ Bxf6 13. Bxc4 Nxc4 14. dxc4 Bxc4
15. Re1 Rb8 16. b3 Bb5 17. Bb2 Rb6 18. a4 Bc4 19. bxc4 Rxb2 20. Nd2 Bh4 21. Qc1
Rb8 22. Nf3 f5 23. Nxh4 Qxh4 24. Re2 fxe4 25. c5 Rf6 26. Qc4+ Kh8 27. cxd6 cxd6
28. Qxe4 Qxe4 29. Rxe4 Rb2 30. f3 Rg6 31. g4 Kg8 32. h4 a5 33. Kf1 Rf6 34. Re3
Kf7 35. Raa3 Ke6 36. Reb3 Rxb3 37. Rxb3 Rf4 38. Ra3 h5 39. Kg2 hxg4 40. fxg4
Rxg4+ 41. Kh3 Rd4 42. Ra1 Kf5 43. Kg3 g5 44. hxg5 Kxg5 45. Kf3 d5 46. Ke3 Kf5
47. Rf1+ Rf4 48. Ra1 Ke6 49. Ra2 d4+ 50. Kd3 Kd5 51. Rb2 e4+ 52. Kd2 Rf2+ 53.
Kc1 Rxb2 54. Kxb2 Kc4 0-1

[Event "Let's Play Chess!"]
[Site "http://www.queenalice.com/game.php?id=708988"]
[Date "2010.1.5"]
[Round "-"]
[White "alesciulli"]
[Black "jfcarbonari"]
[Result "0-1"]
[WhiteElo "1964"]
[BlackElo "1949"]

1. e4 e5 2. Nf3 Nc6 3. Bc4 Bc5 4. c3 Nf6 5. d4 exd4 6. cxd4 Bb4+ 7. Nc3 Nxe4 8.
O-O Nxc3 9. bxc3 Bxc3 10. Bxf7+ Kxf7 11. Qb3+ d5 12. Qxc3 Re8 13. Bg5 Qd6 14.
Rfe1 Bd7 15. Nh4 h6 16. Qf3+ Kg8 17. Rxe8+ Rxe8 18. Be3 Re4 19. Nf5 Bxf5 20.
Qxf5 Nxd4 21. Bxd4 Rxd4 22. Qc8+ Kh7 23. Qxb7 Qb6 24. Qc8 Qb2 25. Qf5+ Kg8 26.
Rb1 Rd2 27. h3 Qf6 28. Rb8+ Kf7 29. Qd7+ Kg6 30. Qg4+ Kh7 31. Rc8 Qxf2+ 32. Kh2
Qf7 33. Rd8 c5 34. Rd7 Qf6 35. Qg3 c4 0-1

[Event "Let's Play Chess!"]
[Site "http://www.queenalice.com/game.php?id=708991"]
[Date "2010.1.5"]
[Round "-"]
[White "jfcarbonari"]
[Black "alesciulli"]
[Result "1-0"]
[WhiteElo "1930"]
[BlackElo "1962"]

1. e4 e5 2. Nf3 Nc6 3. Bc4 Bc5 4. c3 Nf6 5. d4 exd4 6. cxd4 Bb4+ 7. Nc3 Nxe4 8.
O-O Bxc3 9. bxc3 O-O 10. Qc2 d5 11. Bd3 Bg4 12. Bxe4 dxe4 13. Qxe4 f5 14. Qe6+
Kh8 15. Ng5 Qf6 16. Qxf6 Rxf6 17. f3 Bh5 18. d5 Ne5 19. Rb1 b6 20. Ne6 c6 21.
Bg5 Rg6 22. Bf4 Nxf3+ 23. Kh1 cxd5 24. Nc7 Rc8 25. gxf3 Rc6 26. Nxd5 Rd8 27.
Rbd1 Rc4 28. Nxb6 Rxd1 29. Rxd1 Bxf3+ 30. Kg1 Bxd1 31. Nxc4 Be2 32. Ne5 h6 33.
Kf2 Bh5 34. c4 g5 35. c5 1-0

[Event "Let's Play Chess!"]
[Site "http://www.queenalice.com/game.php?id=713937"]
[Date "2010.1.14"]
[Round "-"]
[White "jfcarbonari"]
[Black "elche"]
[Result "1-0"]
[WhiteElo "1995"]
[BlackElo "1728"]

1. e4 c5 2. Nf3 Nc6 3. d4 cxd4 4. Nxd4 Nf6 5. Nc3 e6 6. Bb5 a6 7. Ba4 Bb4 8. Bd2
Nxd4 9. e5 Nc6 10. exf6 Qxf6 11. a3 Qe5+ 12. Qe2 Qxe2+ 13. Kxe2 Bxc3 14. Bxc3
O-O 15. Rad1 d5 16. Rhe1 b5 17. Bb3 a5 18. Ba2 b4 19. Bd2 bxa3 20. bxa3 Nd4+ 21.
Kd3 Nb5 22. c4 dxc4+ 23. Bxc4 Nxa3 24. Ra1 Nxc4 25. Kxc4 a4 26. Re5 Ba6+ 27. Kb4
Rfb8+ 28. Kc3 Rc8+ 29. Kb2 Rab8+ 30. Ka3 Bb5 31. Re3 Rd8 32. Bb4 Ra8 33. Rc1
Rd3+ 34. Rxd3 Bxd3 35. f4 Bf5 36. Ba5 h5 37. Kxa4 Be4 38. g3 g6 39. Rc7 Bd5 40.
Kb5 Rb8+ 41. Kc5 Rb2 42. Rc8+ Kh7 43. Bc3 1-0

[Event "Let's Play Chess!"]
[Site "http://www.queenalice.com/game.php?id=731939"]
[Date "2010.2.14"]
[Round "-"]
[White "Killersugus"]
[Black "jfcarbonari"]
[Result "1/2-1/2"]
[WhiteElo "1862"]
[BlackElo "2031"]

1. d4 d5 2. c4 e6 3. Nc3 Nf6 4. Nf3 Bb4 5. Bd2 O-O 6. e3 c6 7. a3 Be7 8. Qc2 c5
9. dxc5 Bxc5 10. b4 Be7 11. Rc1 a5 12. c5 axb4 13. axb4 Nc6 14. Nb5 Ne4 15. Bd3
Nxd2 16. Qxd2 b6 17. cxb6 Qxb6 18. Rb1 Nxb4 19. Rxb4 Bxb4 20. Qxb4 Ra1+ 21. Bb1
Ba6 22. Nfd4 Bxb5 23. Nxb5 Rb8 24. O-O Qxb5 25. Qxb5 Rxb5 26. Bxh7+ Kxh7 27.
Rxa1 e5 28. g4 d4 29. exd4 exd4 30. Rd1 Rd5 31. f4 Kg6 32. Kf2 f5 33. h3 Kf6 34.
Kf3 g5 35. fxg5+ Kxg5 36. h4+ Kg6 37. Kf4 d3 38. h5+ Kf6 39. g5+ Kg7 40. Rd2 Kh7
41. Ke3 Kg7 42. Rxd3 f4+ 43. Ke4 Rxg5 44. Kxf4 Rxh5 1/2-1/2

[Event "lekingoui"]
[Site "http://www.queenalice.com/game.php?id=732696"]
[Date "2010.2.16"]
[Round "-"]
[White "jfcarbonari"]
[Black "leking"]
[Result "1-0"]
[WhiteElo "2025"]
[BlackElo "1775"]

1. e4 c5 2. Nf3 Nc6 3. d4 cxd4 4. Nxd4 Nf6 5. Nc3 d6 6. Bg5 e6 7. Bb5 Bd7 8. O-O
Be7 9. f4 Qb6 10. Bxc6 Bxc6 11. Kh1 Bxe4 12. Bxf6 Bxf6 13. Nxe4 Bxd4 14. c3 d5
15. Nd6+ Qxd6 16. Qxd4 O-O 17. Rad1 Qa6 18. a3 Rfc8 19. f5 Rc4 20. Qe5 Re4 21.
Qc7 Qc6 22. Qg3 exf5 23. Rxf5 Rae8 24. h3 Qe6 25. Rfxd5 Re1+ 26. Rxe1 Qxe1+ 27.
Qxe1 Rxe1+ 28. Kh2 f6 29. Rd7 Re2 30. Rxb7 g5 31. b4 Re3 32. Rxa7 Rxc3 33. a4
Kf8 34. Kg1 Ke8 35. Rxh7 Kd8 36. b5 Ra3 37. Ra7 Kc8 38. b6 Kb8 39. Kf2 Rb3 40.
a5 1-0

[Event "Let's Play Chess!"]
[Site "http://www.queenalice.com/game.php?id=737878"]
[Date "2010.2.26"]
[Round "-"]
[White "jfcarbonari"]
[Black "jeudes2"]
[Result "0-1"]
[WhiteElo "2024"]
[BlackElo "1765"]

1. e4 e5 2. Nf3 Nc6 3. Bc4 h6 4. d4 exd4 5. Nxd4 Nxd4 6. Qxd4 d6 7. O-O Be6 8.
b3 Nf6 9. Nc3 Be7 10. f4 O-O 11. Rf3 b6 12. Rg3 d5 13. exd5 Bc5 14. Qxc5 bxc5
15. dxe6 fxe6 16. Bxe6+ Kh8 17. Ba3 Qd4+ 0-1

[Event "Let's Play Chess!"]
[Site "http://www.queenalice.com/game.php?id=737884"]
[Date "2010.2.26"]
[Round "-"]
[White "jeudes2"]
[Black "jfcarbonari"]
[Result "0-1"]
[WhiteElo "1805"]
[BlackElo "1998"]

1. d4 d5 2. c4 e6 3. Nc3 Nf6 4. Nf3 c6 5. e3 Nbd7 6. Bd3 dxc4 7. Bxc4 b5 8. Bd3
a6 9. e4 c5 10. d5 c4 11. Bc2 Bb4 12. O-O exd5 13. e5 Ng4 14. Nxd5 Bc5 15. Bg5
f6 16. exf6 gxf6 17. Re1+ Kf7 18. Be3 Bb7 19. Bxc5 Nxc5 20. Re7+ Kf8 21. Rc7 Nd3
22. Rxb7 Qxd5 23. Bxd3 Qxb7 24. Bf5 Rg8 25. Qd6+ Qe7 26. Qc6 Rd8 27. Re1 Ne5 28.
Nxe5 Qxe5 29. Rxe5 Rd1+ 0-1

[Event "Match 10"]
[Site "http://www.queenalice.com/game.php?id=740698"]
[Date "2010.3.4"]
[Round "-"]
[White "Fernandoventura"]
[Black "jfcarbonari"]
[Result "0-1"]
[WhiteElo "2000"]
[BlackElo "2006"]

1. d4 d5 2. c4 dxc4 3. e3 Nf6 4. Bxc4 e6 5. Nf3 c5 6. O-O cxd4 7. exd4 a6 8. Nc3
Nc6 9. Bg5 Be7 10. Rc1 h6 11. Bh4 b5 0-1

[Event "_QnAlice's good_"]
[Site "http://www.queenalice.com/game.php?id=747258"]
[Date "2010.3.17"]
[Round "-"]
[White "jfcarbonari"]
[Black "tranquilli_calmo"]
[Result "1-0"]
[WhiteElo "2061"]
[BlackElo "2042"]

1. e4 c5 2. Nf3 d6 3. d4 cxd4 4. Nxd4 Nf6 5. Nc3 g6 6. Be3 Bg7 7. Bc4 O-O 8. O-O
Nc6 9. Qd2 Bd7 10. Rad1 Rc8 11. Bb3 a6 12. Nf3 b5 13. e5 dxe5 14. Bg5 Bg4 15.
Qe3 Qa5 16. a3 Nd4 17. Nxd4 exd4 18. Rxd4 Bf5 19. Qxe7 Rc7 20. Qe2 Rxc3 21. bxc3
Ne4 22. Rxe4 Bxe4 23. Qxe4 Qxc3 24. Rd1 a5 25. Be7 Re8 26. Bf6 Rxe4 27. Rd8+ 1-0

[Event "AUTO-ADV-1573"]
[Site "http://www.queenalice.com/game.php?id=748779"]
[Date "2010.3.20"]
[Round "2"]
[White "jfcarbonari"]
[Black "rubenov"]
[Result "1-0"]
[WhiteElo "2037"]
[BlackElo "1960"]

1. e4 b6 2. d4 Bb7 3. Nc3 e6 4. Bb5 Bb4 5. Ne2 Bxe4 6. f3 Bb7 7. O-O h6 8. a3
Be7 9. Nf4 a6 10. Ba4 Nf6 11. Nd3 O-O 12. Ne5 d6 13. Nd3 c6 14. b4 Nbd7 15. Ne4
b5 16. Bb3 d5 17. Nec5 Nxc5 18. bxc5 Nd7 19. Bf4 a5 20. c3 Ba6 21. Bc2 Bg5 22.
Bd6 Re8 23. Re1 Be7 24. Bf4 Qc8 25. Qd2 g5 26. Bg3 Kg7 27. Qe3 Bd8 28. f4 g4 29.
Ne5 Nxe5 30. Qxe5+ f6 31. Qh5 f5 32. Qxe8 1-0

[Event "AUTO-ADV-1573"]
[Site "http://www.queenalice.com/game.php?id=748780"]
[Date "2010.3.20"]
[Round "2"]
[White "rubenov"]
[Black "jfcarbonari"]
[Result "0-1"]
[WhiteElo "1989"]
[BlackElo "2022"]

1. d4 d5 2. Bg5 f6 3. Bf4 Nc6 4. Nc3 e5 5. dxe5 fxe5 6. Bg3 Bb4 7. a3 Bxc3+ 8.
bxc3 Nf6 9. Bh4 O-O 10. e3 Ne7 11. Nf3 Bg4 12. Be2 Qd6 13. Bg3 Nc6 14. O-O Ne4
15. Qd3 Rad8 16. Nd2 Nc5 0-1

[Event "AUTO-ADV-1573"]
[Site "http://www.queenalice.com/game.php?id=748781"]
[Date "2010.3.20"]
[Round "2"]
[White "jfcarbonari"]
[Black "markmooney"]
[Result "1-0"]
[WhiteElo "2102"]
[BlackElo "1822"]

1. e4 c5 2. Nf3 Nc6 3. d4 cxd4 4. Nxd4 e5 5. Nb5 Nf6 6. N1c3 a6 7. Na3 Bxa3 8.
bxa3 Qa5 9. Bb2 Nxe4 10. Qd5 Qxd5 11. Nxd5 Kd8 12. f4 f6 13. fxe5 Nxe5 14. Bd4
Nc4 15. Bxc4 b5 16. Bd3 Ng5 17. Nb6 Rb8 18. Nxc8 Rxc8 19. O-O Ne6 20. Bb2 Nc5
21. Rac1 Nxd3 22. cxd3 Rc6 23. Rxc6 dxc6 24. Rxf6 Kc7 25. Rf7+ Kb6 26. Rxg7 h5
27. Bd4+ Ka5 28. Bc3+ Ka4 29. Ra7 b4 30. Bxb4 Kb5 31. Rb7+ Ka4 32. Ra7 Kb5 33.
Rb7+ Ka4 34. Rb6 Re8 35. Rxc6 Kb5 36. Rc5+ Kb6 37. Rxh5 Re2 38. d4 Rxa2 39. d5
Ra1+ 40. Kf2 Ra2+ 41. Kf3 a5 42. Be7 Rd2 43. d6 Kc6 44. Ke4 Rxg2 45. Rh3 Kd7 46.
Rh8 Ra2 47. Rh3 a4 48. Kd4 Rd2+ 49. Kc5 Re2 50. Kb4 Re4+ 51. Kc5 1-0

[Event "AUTO-ADV-1573"]
[Site "http://www.queenalice.com/game.php?id=748782"]
[Date "2010.3.20"]
[Round "2"]
[White "markmooney"]
[Black "jfcarbonari"]
[Result "0-1"]
[WhiteElo "1765"]
[BlackElo "2115"]

1. c4 c5 2. Nc3 Nc6 3. e3 g6 4. a3 Bg7 5. Nf3 Nf6 6. b3 O-O 7. Bb2 e6 8. Bd3 d5
9. cxd5 exd5 10. Rc1 Bg4 11. h3 Be6 12. Bb1 Qb6 13. O-O d4 14. exd4 cxd4 15. Na4
Qxb3 16. Qxb3 Bxb3 17. Nc5 Bd5 18. Nxd4 Nxd4 19. Bxd4 b6 20. Nd3 Ne4 21. Be3
Rfd8 22. Nb4 Nf6 23. Nxd5 Nxd5 24. Be4 Nxe3 25. dxe3 Rac8 26. Bb7 Rxc1 27. Rxc1
Bb2 28. Rc2 Bxa3 29. Ra2 Rd1+ 30. Kh2 Bd6+ 31. g3 a5 32. Rb2 Bc5 33. Kg2 f5 34.
Bc6 Kf7 35. Kf3 g5 36. g4 Kf6 37. gxf5 Kxf5 38. e4+ Ke5 39. Kg4 Rg1+ 40. Kh5 Rh1
41. Kxg5 Rxh3 42. f4+ Ke6 43. Rd2 h5 44. f5+ Kf7 45. Rd7+ Be7+ 46. Kh6 Kf6 47.
Kh7 Re3 48. Kh6 h4 49. Kh5 h3 50. Kg4 h2 51. Rd1 b5 52. Kf4 Rh3 53. e5+ Kf7 54.
Bd5+ Kf8 55. f6 Bc5 56. Bh1 Kf7 57. Rd5 Ba3 58. Rxb5 Kg6 59. Rxa5 Bc1+ 60. Kg4
Re3 61. Rc5 Bb2 62. Kf4 Re1 63. Be4+ Rxe4+ 64. Kxe4 h1=Q+ 65. Kf4 Qf1+ 66. Ke4
Qf5+ 67. Ke3 Bxe5 0-1

[Event "AUTO-ADV-1582"]
[Site "http://www.queenalice.com/game.php?id=752405"]
[Date "2010.3.27"]
[Round "2"]
[White "KasparovPadawan"]
[Black "jfcarbonari"]
[Result "0-1"]
[WhiteElo "1935"]
[BlackElo "2050"]

1. e4 e5 2. Bc4 Nf6 3. Nc3 Nxe4 4. Bxf7+ Kxf7 5. Nxe4 Nc6 6. d3 d5 7. Qh5+ g6 8.
Qf3+ Kg7 9. Ng5 Bf5 10. g4 Nd4 11. Qd1 Be7 12. gxf5 Bxg5 13. Bxg5 Qxg5 14. fxg6
hxg6 15. c3 Qg2 0-1

[Event "AUTO-ADV-1582"]
[Site "http://www.queenalice.com/game.php?id=752406"]
[Date "2010.3.27"]
[Round "2"]
[White "jfcarbonari"]
[Black "KasparovPadawan"]
[Result "1-0"]
[WhiteElo "2076"]
[BlackElo "1909"]

1. e4 e5 2. Nf3 Bc5 3. Bc4 c6 4. O-O d6 5. d4 exd4 6. Nxd4 Nf6 7. Bg5 O-O 8. Re1
Nbd7 9. Nc3 Qb6 10. Na4 Qb4 11. b3 h6 12. Bd2 Qa3 13. Bc1 Qb4 14. c3 1-0

[Event "AUTO-ADV-1582"]
[Site "http://www.queenalice.com/game.php?id=752409"]
[Date "2010.3.27"]
[Round "2"]
[White "jfcarbonari"]
[Black "thw"]
[Result "1-0"]
[WhiteElo "2085"]
[BlackElo "1906"]

1. e4 e6 2. d4 d5 3. Nc3 Nf6 4. Bg5 Be7 5. e5 Nfd7 6. Bxe7 Qxe7 7. Nb5 Na6 8.
Qg4 O-O 9. O-O-O f6 10. f4 fxe5 11. fxe5 c5 12. Nf3 cxd4 13. Nbxd4 Nac5 14. b4
Ne4 15. Qxe6+ Qxe6 16. Nxe6 Rxf3 17. gxf3 Nf2 18. Rxd5 Nxh1 19. Nc7 Rb8 20. e6
1-0

[Event "AUTO-ADV-1582"]
[Site "http://www.queenalice.com/game.php?id=752410"]
[Date "2010.3.27"]
[Round "2"]
[White "thw"]
[Black "jfcarbonari"]
[Result "0-1"]
[WhiteElo "1897"]
[BlackElo "2094"]

1. e4 e5 2. Nf3 Nc6 3. Bb5 a6 4. Bxc6 dxc6 5. O-O Bg4 6. h3 h5 7. d3 Qf6 8. Nbd2
Ne7 9. Re1 Ng6 10. d4 Bd6 11. hxg4 hxg4 12. Nh2 Rxh2 13. Qxg4 exd4 14. e5 Nxe5
15. Kxh2 Kf8 16. Qh5 Nf3+ 17. Kh1 Nxe1 18. Qh8+ Ke7 19. Qxa8 Qxf2 0-1